Chuyện cũ Hà Nội

Tuyển tập các bài viết về cuộc sống sinh hoạt hàng ngày, những nét đặc trưng riêng của Hà Nội như món ăn, địa danh lịch sử, văn hoá, phong tục tập quán v.v...

Sparad:
Bibliografiska uppgifter
Huvudupphovsman: Tô Hoài
Materialtyp: Bok
Språk:Vietnamese
Publicerad: H. Nxb. Hà Nội 2000
Ämnen:
Taggar: Lägg till en tagg
Inga taggar, Lägg till första taggen!
Thư viện lưu trữ: Mạng thư viện Đại học Đà Nẵng
LEADER 01284nam a2200361 4500
001 000014685
003 11055
005 20120515090536.0
008 120511s2000 viesd
020 |c 77000đ 
041 0 |a vie 
082 |a 895.9223  |b TO-H 
100 0 |a Tô Hoài 
245 0 |a Chuyện cũ Hà Nội  |c Tô Hoài 
260 |a H.  |b Nxb. Hà Nội  |c 2000 
300 |a 775 tr.  |c 19 cm 
520 |a Tuyển tập các bài viết về cuộc sống sinh hoạt hàng ngày, những nét đặc trưng riêng của Hà Nội như món ăn, địa danh lịch sử, văn hoá, phong tục tập quán v.v... 
653 |a Văn học hiện đại 
653 |a Việt Nam 
653 |a Hà Nội 
653 |a Tiểu thuyết 
700 |a Tô Hoài 
910 |a Nguyễn Thị Kim Oanh  |d 12/ 08/ 2011 
OWN |a LSP 
AVA |a UDN50  |b LSP  |d 895.9223 TO-H  |e available  |t Error 5001 Not defined in file expand_doc_bib_avail.  |f 3  |g 0  |h N  |i 0  |k 1 
999 |a From the UDN01 
AVA |a UDN50  |b LSP  |d 895.9223 TO-H  |e available  |t Error 5001 Not defined in file expand_doc_bib_avail.  |f 3  |g 0  |h N  |i 0  |k 1 
TYP |a Monograph 
TYP |a Printed language 
980 |a Mạng thư viện Đại học Đà Nẵng